| 000 | 00399nam a2200145Ia 4500 | ||
|---|---|---|---|
| 008 | 230917s9999||||xx |||||||||||||| ||und|| | ||
| 040 |
_e188981 _aMAIN |
||
| 041 | _aEnglish | ||
| 082 | _a361.6 S79S | ||
| 100 | _aSirohi, Anand | ||
| 245 | 0 | _aSocial policy and administration: The challenge of poverty and equality | |
| 260 |
_aNew Delhi _bWisdom Press _c2012 |
||
| 300 | _av, 385 p. | ||
| 942 | _cBK | ||
| 999 |
_c158861 _d158861 |
||